1910 1740 1661 1885 1519 1467 1500 1923 1943 1486 1709 1647 1050 1282 1697 1501 1664 1421 1935 1732 1617 1257 1145 1360 1430 1858 1415 1341 1643 1490 1983 1946 1231 1972 1673 1619 1902 1407 1056 1134 1613 1626 1497 1493 1591 1479 1975 1219 1791 1371 1894 1754 1867 1841 1928 1411 1967 1567 1003 1604 1043 1167 1508 1223 1576 1763 1585 1264 1677 1376 1079 1143 1824 1510 1772 1422 1197 1833 1975 1003 1652 1020 1282 1689 1390 1563 1852 1516 1418 1502 1140 1003 1512 1042 1894 1038 1811 1783 1344 BCNSPRNW ULIB Ver.6.0+V

เปลี่ยนเป็นภาษาไทย

Change to English
 แสดงรายละเอียดบรรณานุกรม
  กลับหน้าหลัก

Brief Record : Get Marc (ISO 2709) : E-mail record : QR code < ปิดหน้าต่าง
LEADER : 00000nam 2200000uu 4500
001    13399126276
003     ULIB
008    180827s||||||||th 000 0 tha d
020    ^a9786163930873
060 04 ^aWA100^bส356ล
100 0  ^aสรีรรัตน์ สุกมลสันต์
245 10 ^aLive well together ดูแลผู้สูงอายุ สร้างสุขในครอบครัว /^cสรีรรัตน์สุกมลสันต์
246 30 ^aดูแลผู้สูงอายุ สร้างสุขในครอบครัว
250    ^aพิมพ์ครั้งที่ 1
260    ^aกรุงเทพฯ:^bบริษัทเคล็ดไทย จำกัด,^c2560
300    ^a191 หน้า :^bภาพประกอบ ;^c21 ซม
505 0  ^aสร้างสุขในครอบครัว -- เข้าใจร่างกายผู้สูงอายุ -- เข้าถึงหัวใจผู้สูงอายุ --อบอุ่น ปลอภัย ไร้อุบัติเหตุ -- เตรียมพร้อมค่าใช้จ่ายสำหรับผู้สูงอายุ --กิจกรรมนำความสุข -- ข้อมูลที่เป็นประโยชน์สำหรับผู้ดูแลผู้สูงอายุ
650  4 ^aผู้สูงอายุ^xการดูแล
650  4 ^aผู้สูงอายุ^xสุขภาพและอนามัย
650  4 ^aผู้สูงอายุ^xความสัมพันธ์ในครอบครัว
945    ^p165^l0^i004472
945    ^p165^l0^i004471
945    ^p165^l0^i004470
945    ^p165^l0^i004475
945    ^p165^l0^i004476
945    ^p165^l0^i004473
945    ^p165^l0^i004474
999    ^aประนอม เกษจรัล
รายการนี้ยังไม่มีแท็ก
คุณยังไม่ได้ล็อกอิน คุณสามารถมีกิจกรรมร่วมกับเว็บไซต์ได้ แต่ต้องล็อกอินก่อน ::
  ล็อกอิน

รายการสื่อสารสนเทศ

ลำดับที่ ประเภท เลขเรียก/บาร์โค้ด สถานที่ สถานะ
1. วิทยาศาสตร์การแพทย์ และสุขภาพ
หนังสือสำรอง
สถานะ=หนังสือสำรอง
WA100 ส356ล ฉ.1 
  Barcode: 004470
ห้องสมุดวิทยาเขตสวรรค์ประชารักษ์
►หนังสือทั่วไป
บนชั้น
2. วิทยาศาสตร์การแพทย์ และสุขภาพ
วิทยาศาสตร์การแพทย์ และสุขภาพ
WA100 ส356ล ฉ.2 
  Barcode: 004471
ห้องสมุดวิทยาเขตสวรรค์ประชารักษ์
►หนังสือทั่วไป
บนชั้น
3. วิทยาศาสตร์การแพทย์ และสุขภาพ
วิทยาศาสตร์การแพทย์ และสุขภาพ
WA100 ส356ล ฉ.3 
  Barcode: 004472
ห้องสมุดวิทยาเขตสวรรค์ประชารักษ์
►หนังสือทั่วไป
บนชั้น
4. วิทยาศาสตร์การแพทย์ และสุขภาพ
วิทยาศาสตร์การแพทย์ และสุขภาพ
WA100 ส356ล ฉ.4 
  Barcode: 004473
ห้องสมุดวิทยาเขตสวรรค์ประชารักษ์
►หนังสือทั่วไป
บนชั้น
5. วิทยาศาสตร์การแพทย์ และสุขภาพ
วิทยาศาสตร์การแพทย์ และสุขภาพ
WA100 ส356ล ฉ.5 
  Barcode: 004474
ห้องสมุดวิทยาเขตสวรรค์ประชารักษ์
►หนังสือทั่วไป
บนชั้น
6. วิทยาศาสตร์การแพทย์ และสุขภาพ
วิทยาศาสตร์การแพทย์ และสุขภาพ
WA100 ส356ล ฉ.6 
  Barcode: 004475
ห้องสมุดวิทยาเขตสวรรค์ประชารักษ์
►หนังสือทั่วไป
บนชั้น
7. วิทยาศาสตร์การแพทย์ และสุขภาพ
วิทยาศาสตร์การแพทย์ และสุขภาพ
WA100 ส356ล ฉ.7 
  Barcode: 004476
ห้องสมุดวิทยาเขตสวรรค์ประชารักษ์
►หนังสือทั่วไป
บนชั้น

รายการใกล้เคียง
    ผู้แต่ง [สรีรรัตน์ สุกมลสันต์]

    หัวเรื่อง [ผู้สูงอายุ การดูแล]

BibComment


ยังไม่เคยถูกคอมเมนท์

คอมเมนท์ทรัพยากรรายการนี้
  คอมเมนท์: Live well togeth..


 Copyright 2026. Bcnsprnw @Library